|
|
|
|
| LEADER |
00000nab a2200000 a 4500 |
| 001 |
vtls000709443 |
| 003 |
SK-MaSNL |
| 005 |
20260303183349.0 |
| 008 |
180205c1999 xo 0 slo |
| 015 |
|
|
|a SNBRB2000/01-01846
|
| 035 |
|
|
|a CLN000061610
|
| 040 |
|
|
|a SNKBUCL
|b slo
|c SNKBUCL
|e AACR2
|
| 041 |
0 |
|
|a slo
|
| 044 |
|
|
|a xo
|c SK
|
| 080 |
|
|
|a 329.3:28(437.6)KDH
|2 UDC-MRF-SK2
|
| 245 |
0 |
0 |
|a Vyhlásenie Rady KDH
|
| 610 |
|
7 |
|a Kresťanskodemokratické hnutie (politická strana)
|2 snkbucl
|9 34649
|
| 655 |
|
7 |
|a články z novín a časopisov
|2 snkbucl
|9 267496
|
| 773 |
0 |
|
|t Sme
|g Roč. 7, č. 211 (13.9.1999), s. 4
|
| 850 |
|
|
|a Slovenská národná knižnica v Martine
|
| 852 |
|
|
|a SNK
|b KIS3GCP
|
| 958 |
|
|
|a RBX
|
| 999 |
|
|
|c 2120693
|d 2122623
|